Normal view
MARC view
Entry Topical Term
001 - CONTROL NUMBER
- control field: 21102
003 - CONTROL NUMBER IDENTIFIER
- control field: OSt
005 - DATE AND TIME OF LATEST TRANSACTION
- control field: 20260503214802.0
008 - FIXED-LENGTH DATA ELEMENTS
- fixed length control field: 260503|| aca||aabn | a|a d
040 ## - CATALOGING SOURCE
- Original cataloging agency: OSt
- Transcribing agency: OSt
150 ## - HEADING--TOPICAL TERM
- Topical term or geographic name entry element: Mechanical technology
- General subdivision: Tools and equipment
670 ## - SOURCE DATA FOUND
- Source citation: Work cat.: (OSt)2020: Leoncio, Melvine Jay A., Author 6896, Development of hydraulic table lifter / , 2015.
